| 000 | 00901nam a2200217 a 4500 | ||
|---|---|---|---|
| 001 | 000029086 | ||
| 005 | 20250924073803.0 | ||
| 008 | 110413s1988 dr 000 0 spa d | ||
| 040 |
_aDO-SdBNP _bspa _cBNPHU |
||
| 100 | 1 |
_aSalas Aqüero, Ramona _955986 |
|
| 245 | 1 | 0 |
_aGlosario de terminos aplicables en el área de la salud / _cRamona Salas Aqüero ; colaboradores Blanca Odette García Peguero , Griselda Andujar de Báez. |
| 260 |
_aSanto Domingo : _bEditora Universitaria, _c1988. |
||
| 300 |
_a56 p. ; _c21 cm. |
||
| 490 | 1 |
_aPublicaciones de la Universidad Autónoma de Santo Domingo _v593 |
|
| 490 | 1 |
_aNormatización y salud _vno. 1 |
|
| 700 | 1 |
_aGarcía Peguero,Blanca Odette _ecol. _955987 |
|
| 700 | 1 |
_aBáez, Griselda Andujar. de _955988 |
|
| 830 |
_aPublicaciones de la Universidad Autónoma de Santo Domingo _v593 _952 |
||
| 830 | 0 |
_aNormatización y salud _vno. 1 _955989 |
|
| 049 | _aBNPD | ||
| 999 |
_c28578 _d28578 |
||